Vice Presidents Who Stayed in Government Quiz Stats

 Plays Quiz Updated Nov 21, 2017

Support Sporcle.
Go Orange.
Score 0/26 Timer 08:00
2 Plays Today
Term Years Vice President % Correct
1789-1797John Adams
95.2%
1981-1989George H.W. Bush
94.2%
2009-2017Joe Biden
93.8%
1797-1801Thomas Jefferson
92.2%
1961-1963Lyndon B. Johnson
92.1%
1865Andrew Johnson
91.6%
1837-1841Richard M. Johnson
91%
1973-1974Gerald Ford
88.4%
1901Theodore Roosevelt
86.5%
1953-1961Richard Nixon
86.2%
1945Harry S. Truman
85.5%
1921-1923Calvin Coolidge
76.1%
1841John Tyler
72.3%
Term Years Vice President % Correct
1833-1837Martin Van Buren
67.7%
1881Chester A. Arthur
64.3%
1849-1850Millard Fillmore
59.3%
1977-1981Walter Mondale
56.7%
1965-1969Hubert Humphrey
51.7%
1825-1832John C. Calhoun
40.4%
1861-1865Hannibal Hamlin
27%
1941-1945Henry A. Wallace
21.9%
1949-1953Alben W. Barkley
19.6%
1857-1861John C. Breckinridge
16.2%
1925-1929Charles G. Dawes
14.6%
1845-1849George M. Dallas
12.1%
1889-1893Levi P. Morton
9.7%

You're not logged in!

Compare scores with friends on all Sporcle quizzes.
OR
Log In
Forgot?

From the Vault

Indonesia's Borders

by 1516

Geography 30s
It's hard to have a lot of borders with all those islands.
Remove Ads.
Support Sporcle.
Get the best of Sporcle when you Go Orange. This ad-free experience offers more features, more stats, and more fun while also helping to support Sporcle. Thank you for becoming a member.

Show Comments

Extras

Top Quizzes Today


Score Distribution

Your Account Isn't Verified!

In order to create a playlist on Sporcle, you need to verify the email address you used during registration. Go to your Sporcle Settings to finish the process.

Report this User

Report this user for behavior that violates our Community Guidelines.

Details: